Plano geral da cadeira de doutrina social de igreja
Salvato in:
| Natura: | Libro |
|---|---|
| Lingua: | portoghese |
| Pubblicazione: |
s.n
1980
|
| Soggetti: | |
| Tags: |
Aggiungi Tag
Nessun Tag, puoi essere il primo ad aggiungerne!!
|
MARC
| LEADER | 00000nam a2200000 a 4500 | ||
|---|---|---|---|
| 001 | UCY0741 | ||
| 003 | CL-VaPUC | ||
| 008 | 940811e19800000PO |||||||||||||||||por|d | ||
| 082 | 0 | 4 | |a 261 |b PLA |2 21 |
| 245 | 1 | 0 | |a Plano geral da cadeira de doutrina social de igreja |
| 300 | |a 150 p | ||
| 942 | |c BK | ||
| 945 | |d 19940811 00:00:00 |a aalvarez | ||
| 260 | |b s.n |c 1980 | ||
| 600 | 0 | |a Iglesia católica |9 255129 | |
| 650 | 7 | |a DOCTRINAS |2 CL-VaPUC |9 317761 | |
| 583 | |a last modification |c 20120812 04:52:20 |k Rodrigo Vera | ||
| 999 | |c 229667 |d 229665 | ||
| 952 | |0 0 |1 0 |4 0 |6 261_000000000000000_PLA_1980 |7 0 |8 A |9 231083 |a BIBDER |b BIBDER |d 2019-11-15 |i 3007553 |o 261 PLA 1980 |p 3007553 |r 2023-01-25 |w 2019-11-15 |y BK |k DER | ||